| 000 | 00581nam a22002057a 4500 | ||
|---|---|---|---|
| 003 | OSt | ||
| 005 | 20151127125312.0 | ||
| 008 | 151127b xxu||||| |||| 00| 0 eng d | ||
| 020 | _a0333792920 | ||
| 040 | _cDDC. | ||
| 082 | _a658.1 CUR 2000 | ||
| 100 |
_aCurry,Steve;Weiss,John; _96353 |
||
| 245 | _aProject Analysis in Developing Countries. | ||
| 250 | _a2nd ed | ||
| 260 |
_aLondon. _bMacmillan Press Ltd. _c2000. |
||
| 300 |
_aix,362p; _bill; _c23cm |
||
| 504 | _aIncludes index ,Bibliography Notes and references. | ||
| 650 |
_aProject analysis. _96354 |
||
| 942 |
_2ddc _cSLOAN |
||
| 999 |
_c2720 _d2720 |
||